[Event "GBR-ch Soanes op 106th"]
[Site "Torquay"]
[Date "2019.07.28"]
[Round "5"]
[White "Fernando, Manel"]
[Black "McClatchey, Rob"]
[Result "0-1"]
[WhiteElo "1469"]
[BlackElo "1712"]
[PlyCount "96"]
[EventDate "2019.07.26"]
[EventType "swiss"]
[EventRounds "5"]
[EventCountry "ENG"]
[SourceTitle "EXT 2021"]
[Source "ChessBase"]
[SourceDate "2020.10.23"]
[SourceVersion "1"]
[SourceVersionDate "2020.10.23"]
[SourceQuality "1"]

1. d4 d6 2. Nf3 Bg4 3. Bf4 Nf6 4. Nbd2 c6 5. e4 e6 6. Be2 Be7 7. c3 Bxf3 8. Bxf3 d5 9. e5 Nfd7 10. 0-0 c5 11. Be2 Qb6 12. Qb3 Nc6 13. Nf3 Rc8 14. Rfd1 Qc7 15. Rac1 c4 16. Qc2 b5 17. Ng5 Bxg5 18. Bxg5 h6 19. Bh4 g5 20. Bg3 h5 21. h3 Ne7 22. f4 Nf5 23. Bf2 gxf4 24. Qd2 Nf8 25. Qxf4 Qe7 26. Rf1 Ng6 27. Qd2 Kd7 28. b3 Rcg8 29. bxc4 bxc4 30. Rb1 Rb8 31. Rxb8 Rxb8 32. Bxh5 Qa3 33. Bxg6 fxg6 34. Qg5 Rg8 35. g4 Ne7 36. Bh4 Rb8 37. Rf2 Rb1+ 38. Kg2 Rc1 39. Rf7 Rc2+ 40. Bf2 Rxc3 41. Qf6 Rc2 42. Qh8 c3 43. Qb8 Rb2 44. Qh8 c2 45. Rf8 Qa5 46. Qh6 Qe1 47. Kg3 c1Q 48. Bxe1 Qxe1+ 0-1